|
|
|
|
| LEADER |
00837nam a22002412a 4500 |
| 001 |
000955262 |
| 003 |
CZ BrMZK |
| 005 |
20091105094555.0 |
| 007 |
ta |
| 008 |
090714s1964 ru er|||||||||||rus d |
| 040 |
|
|
|a ABA001
|b cze
|c ABA001
|d ABA001
|
| 100 |
1 |
|
|a Kryvelev, Iosif Aronovič,
|d 1906-1991
|7 jx20040721028
|4 aut
|
| 245 |
1 |
0 |
|a Marks i Engel's o religii /
|c Iosif Aronovič Kryvelev ; [otvetstvennyj redaktor I.D. Pancchava]
|
| 260 |
|
|
|a Moskva :
|b Nauka,
|c 1964
|
| 300 |
|
|
|a 206 s.
|
| 490 |
1 |
|
|a Naučno-populjarnaja serija
|
| 550 |
|
|
|a Vydavatel: Akademija nauk SSSR
|
| 710 |
2 |
|
|a Akademija nauk SSSR
|7 ko20010094280
|
| 830 |
|
0 |
|a Naučno-populjarnaja serija (Nauka)
|
| 910 |
|
|
|a BOA001
|b 1-0523.787
|
| 990 |
|
|
|a BK
|
| 991 |
|
|
|b 200907
|
| 996 |
7 |
|
|b 2619458833
|c 1-0523.787
|l MZK
|r Sklad / do 1 hodiny
|n 0
|w 001087312
|u 000010
|a 1
|e BOA001
|j MZK50
|s A
|